Alle U-25 Torschützenkönige der Bundesliga - Statistiken

Allgemein
  • Dieses Quiz wurde 132 mal gespielt
  • Das Durchschnittsergebnis liegt bei 5 aus 12
Antwortstatistiken
Antwort % Korrekt
Dieter Müller
91%
Gerd Müller
91%
Edin Džeko
50%
Karl-Heinz Rummenigge
48%
Jürgen Klinsmann
37%
Rudi Völler
31%
Klaus Allofs
25%
Lothar Emmerich
23%
Fredi Bobic
20%
Stefan Kuntz
18%
Rudolf Brunnenmeier
13%
Heiko Herrlich
11%
Keine übereinstimmenden Quizze gefunden
Verteilung der Resultate
Anzahl Personen mit jedem Resultat
Perzentil nach korrekt beantworteten Fragen
Ihre Resultats-Entwicklung
Sie haben dieses Quiz noch nicht gespielt